logo

Bir Sreshtho Munshi Abdur Rouf Library
Jhenaidah Cadet College

Chaos : (Record no. 8246)

MARC details
000 -LEADER
fixed length control field 00735nam a2200277 a 4500
001 - CONTROL NUMBER
JCCL Control Number 8246
003 - CONTROL NUMBER IDENTIFIER
JCCL marc code BD - JhCC
005 - DATE AND TIME OF LATEST TRANSACTION
control field 20200328134008.0
008 - FIXED-LENGTH DATA ELEMENTS--GENERAL INFORMATION
fixed length control field 871028s1988 enka 001 0 eng d
020 ## - INTERNATIONAL STANDARD BOOK NUMBER
International Standard Book Number 9780749386061
035 ## - SYSTEM CONTROL NUMBER
system control number (BD-JhCC)8246
040 ## - CATALOGING SOURCE
Original cataloging agency BD-JhCC
Modifying agency BD-JhCC
041 ## - LANGUAGE CODE
Language code of Book eng
050 #0 - LIBRARY OF CONGRESS CALL NUMBER
Classification number Q158.5
082 ## - DEWEY DECIMAL CLASSIFICATION NUMBER
Classification number 500
DDC Edition number 19
082 ## - DEWEY DECIMAL CLASSIFICATION NUMBER
Classification number 003.857
DDC Edition number 18
Author mark and Year GLE 1998
100 1# - MAIN ENTRY--PERSONAL NAME
Personal name Gleick, James.
245 10 - TITLE STATEMENT
Title Chaos :
Remainder of title making a new science /
Statement of responsibility, etc James Gleick
260 ## - PUBLICATION, DISTRIBUTION, ETC. (IMPRINT)
Place of publication, distribution, etc London :
Name of publisher, distributor, etc Heinemann,
Date of publication, distribution, etc 1988
300 ## - PHYSICAL DESCRIPTION
Pagination xi, 352 p :
Other physical details ill ;
Dimensions 24 cm
504 ## - BIBLIOGRAPHY, ETC. NOTE
Bibliography, etc Includes bibliography and index
650 #0 - SUBJECT ADDED ENTRY--TOPICAL TERM
Topical term or geographic name as entry element Chaotic behavior in systems
650 #0 - SUBJECT ADDED ENTRY--TOPICAL TERM
Topical term or geographic name as entry element Chaotic behavior in systems
942 ## - ADDED ENTRY ELEMENTS (KOHA)
Source of classification or shelving scheme Dewey Decimal Classification
Koha item type Books
Koha issues (borrowed), all copies 2
Holdings
Source of classification or shelving scheme Damaged status Not for loan Home library Current library Shelving location Date of accession Total Checkouts Full call number Barcode Date last seen Date checked out Copy number Koha item type
Dewey Decimal Classification     JCC Rouf Library JCC Rouf Library General Stacks 03/20/2023 5 003.857 GLE 1998 10873 06/05/2024 06/02/2024 C - 1 Books

JCC Library | Contacts | JCC Home

Last Update on 23 September 2017
Copyright @ 2017-2020 JCC Rouf Library
Rouf Library, Jhenidah Cadet College (JCC), Bangladesh